00646nam a22001937a 450000500170000001000140001702000260003103500130005703700130007008200110008310000250009424500380011926000350015727000600019230000220025294200250027499900170029995201360031620100813122635.0 aENG-99974 a9788178223315c150.00 aEN-83506 bDBAD/PUB a181.45 aBrunton, Paul912486 aWhat is karma? /cby Paul Brunton aNew DelhibNew Age Booksc2009 aA-44 Naraina Industrial Area Phase IbNew Delhie110028 a144p.c18cm (pbk) 2ddccENh181.45mBRU c41574d41574 001040718NFICaDBADbDBADd2010-08-13eDBAD/PUBg150.00l0o181.45 BRUpEN-83506r2010-08-13 00:00:00t1v150.00w2010-08-13yEN